Mapy Francji za panowania jej władców - Statystyki

Ogólne statystyki
  • Ten quiz został rozwiązany 29 razy
  • Średni wynik to 5 z 8
Statystyki odpowiedzi
Obrazkowy Odpowiedź % Poprawnych
Napoleon Bonaparte
100%
Emmanuel Macron +5
88%
Karol Wielki
88%
Ludwik XIV
77%
Philippe Pétain +1
77%
Ludwik XV
50%
Napoleon III
42%
Ludwik Filip I
23%
Nie znaleziono quizów pasujących do podanych kryteriów
Rozkład punktacji
Procent ludzi z każdym wynikiem
Percentyl według liczby udzielonych odpowiedzi
Twoja historia wyników
Nie rozwiązałeś tego quizu